Národy celého světa /

Hlavní autor: Hubinger, Václav, 1949-
Další autoři: Honzák, František, 1949-, Polišenský, Jiří
Jazyk: Čeština
Vydáno: Praha : Mladá fronta, 1985
Vydání: 1. vyd.
Edice: Malé encyklopedie (Mladá fronta)
Témata:
Externí odkaz: Digitalizovaný dokument
Fyzický popis: 387 s., [32] s. barev. obr. příl. : mapy ; 21 cm
Knihy
Uloženo v:
LEADER 01764nam a22004212a 4500
001 000056950
003 CZ BrMZK
005 20260209100258.0
007 ta
008 010907s1985 xr bf f 001 0 cze d
015 |a cnb000029067 
035 |a (OCoLC)12806523 
040 |a BOA001  |b cze  |c BOA002 
080 9 |a 39(100) 
080 9 |a 323.11(100) 
080 9 |a 038 
100 1 |a Hubinger, Václav,  |d 1949-  |7 jn20000810216  |4 aut 
245 1 0 |a Národy celého světa /  |c Václav Hubinger, František Honzák, Jiří Polišenský 
250 |a 1. vyd. 
260 |a Praha :  |b Mladá fronta,  |c 1985 
300 |a 387 s., [32] s. barev. obr. příl. :  |b mapy ;  |c 21 cm 
490 1 |a Malé encyklopedie ;  |v sv. 18 
500 |a Terminologický slovník 
500 |a 30000 výt. 
504 |a Obsahuje bibliografii a rejstřík 
700 1 |a Honzák, František,  |d 1949-  |7 jn19990209256  |4 aut 
700 1 |a Polišenský, Jiří  |4 aut 
830 0 |a Malé encyklopedie (Mladá fronta)  |0 s 
856 4 1 |u http://www.digitalniknihovna.cz/mzk/uuid/uuid:1f6d0510-8a63-11e2-8593-005056827e52  |y Digitalizovaný dokument  |x NDK 
910 |a BOA001  |b PK-0099.769  |b 2-0888.750 
920 |a 000085646 
964 |a Národy - slovníky 
990 |a BK 
996 7 |b 2619504323  |c 2-0888.750  |l MZK  |r Sklad / do 1 hodiny  |n 50  |w 000056950  |u 000050  |a 1  |e BOA001  |j MZK50  |s A 
996 7 |b 2619614812  |c 2-0888.750  |l MZK  |r Sklad / do 1 hodiny  |n 1  |w 000056950  |u 000060  |a 1  |e BOA001  |j MZK50  |s A 
996 6 |b 2619950562  |c 2-0888.750  |l MZK  |r Sklad / do 1 hodiny  |n 19  |w 000056950  |u 000040  |a 1  |e BOA001  |j MZK50  |s P 
996 7 |b 2619990097  |c 2-0888.750  |l MZK  |r Sklad / do 1 hodiny  |n 7  |w 000056950  |u 000030  |a 1  |e BOA001  |j MZK50  |s A 
996 7 |b 3119931181  |c PK-0099.769  |l MZK  |r Sklad / do 1 hodiny  |n 72  |w 000056950  |u 000020  |a 1  |e BOA001  |j MZK50  |s A